|
|
|
|
| LEADER |
00728pam a22002178a 4500 |
| 001 |
00038491 |
| 005 |
20171109141115.0 |
| 008 |
170516s2008 ||||||Viesd |
| 041 |
0 |
# |
|a Vie
|
| 082 |
1 |
4 |
|a 953
|b L302S
|
| 100 |
1 |
# |
|a Bernard Lewis
|
| 245 |
1 |
0 |
|a Lịch sử Trung Đông 2000 năm trở lại đây
|c Bernard Lewis, (Nguyễn Thị Nhân dịch)
|
| 260 |
# |
# |
|a Hà Nội
|b Tri Thức
|c 2008
|
| 300 |
# |
# |
|a 497 tr.
|c 24 cm
|
| 653 |
# |
# |
|a Lịch sử
|
| 653 |
# |
# |
|a Trung Đông
|
| 700 |
1 |
# |
|a Nguyễn,Thọ Nhân
|e dịch
|
| 852 |
# |
# |
|b Kho đọc
|j KD.1001617
|
| 852 |
# |
# |
|j KM.0022400
|j KD.0021389
|
| 910 |
|
|
|d 16/05/2017
|
| 980 |
# |
# |
|a Trung tâm Học liệu Lê Vũ Hùng, Trường Đại học Đồng Tháp
|